Alle PDC Darts Turniersieger 2004 - Statistiken

Allgemein
  • Dieses Quiz wurde 29 mal gespielt
  • Das Durchschnittsergebnis liegt bei 24 aus 43
Antwortstatistiken
Turnier Land Dartsspieler % Korrekt
World Darts Championship England Phil Taylor
95%
Las Vegas Desert Classic England Phil Taylor
95%
Bobby Bourn Memorial Trophy England Phil Taylor
95%
World Matchplay England Phil Taylor
95%
Ireland Open Autumn Classic England Phil Taylor
95%
UK Open Welsh Regional Final England Phil Taylor
95%
UK Open Irish Regional Final England Phil Taylor
95%
Champion Vs Champion England Phil Taylor
95%
China Telecom Cup England Phil Taylor
95%
Irish Masters England Peter Manley
70%
Eastbourne Pro Niederlande Roland Scholten
70%
PDC Eastbourne Open Niederlande Roland Scholten
70%
UK Open Niederlande Roland Scholten
70%
West Tyrone Open England Colin Lloyd
65%
Open Holland England Colin Lloyd
65%
Antwerb Open England Colin Lloyd
65%
Le Skratch Montreal Open England Colin Lloyd
65%
PDPA Players Championship Ireland England Colin Lloyd
65%
World Grand Prix England Colin Lloyd
65%
Sunparks Masters England Colin Lloyd
65%
Wattle Time Memorial Tournament Australien Simon Whitlock
65%
Coota Australien Simon Whitlock
65%
Golden Harvest North American Cup Kanada John Part
60%
Vauxhall Spring Open England Wayne Mardle
60%
UK Open Midlands Regional Final England Wayne Mardle
60%
PDPA Players Championship Wales England Wayne Mardle
60%
Chris de Roo Open England Adrian Lewis
55%
UK Open Scotish Regional England Andy Smith
55%
Vauxhall Autumn Pro England Dennis Smith
55%
Bob Anderson Classic England Terry Jenkins
55%
PDPA Players Championship Netherlands England Ronnie Baxter
50%
UK Open South West Regional Final England Kevin Painter
45%
Sheppey Darts Classic England Kevin Painter
45%
PDPA Players Championship Scotland England Mark Dudbridge
25%
Vauxhall Autumn Open England Chris Mason
20%
UK Open North East Regional Final England Alan Caves
5%
Vauxhall Spring Pro England Alex Roy
5%
Windy City Open USA Steve Brown
5%
Oceanic Masters Australien Barry Jouannett Jnr.
0%
Open Oust Nederland Niederlande Erwin Extercatte
0%
UK Open North West Regional Final England Mark Robinson
0%
Blueberry Hill USA Ricky Villaneuva
0%
UK Open Scottish Regional Final England Steve Maish
0%
Keine übereinstimmenden Quizze gefunden
Verteilung der Resultate
Anzahl Personen mit jedem Resultat
Perzentil nach korrekt beantworteten Fragen
Ihre Resultats-Entwicklung
Sie haben dieses Quiz noch nicht gespielt